00587cam a22001817 4500001001300000003000400013005001700017008004100034010003100075040001900106050001500125100006300140245007800203260005300281300001800334502003600352999001700388tmp84012322 DLC20260227112753.0921102s1904 gw 000 0 ger  atmp84012322 zunk84012322  aDLCcCarPdDLC00aQD399b.L71 aLiebig, Heinrich,cFreiherr von,d1877- [from old catalog]10aÜberführung des Dibenzalacetons in Derivate des Diphenylcyklopentans. aHalle a.d.S.,bDruck von Ehrhardt Karras,c1904. a54 p.c24 cm. aInaug.-Diss.--Halle-Wittenberg. c91009d91009